000 002460000a22000970004500
100 1 _aCabrera Leiva, Guillermo
245 1 0 _aCristianismo sin la cruz
300 _aVol. 3, Núm 14 (1991), Páginas 7
773 0 _tImpacto Presbiteriano
942 _cANA
999 _c50974
_d50974